| 000 | 01011nam0a22003011 4500 | ||
|---|---|---|---|
| 001 | RU\NLR\A1SV\81667 | ||
| 005 | 20260405190309.0 | ||
| 035 | _a(NLR Aleph) 009763099 | ||
| 090 |
_a10026664 _c10026664 |
||
| 100 | _a20070903d1918 u y0rusy50 ca | ||
| 101 | 0 | _arus | |
| 102 | _aRU | ||
| 200 | 1 |
_aОпыты живописи масляными красками _fПроф. А.В.Маковский |
|
| 210 |
_aПг. _cБлаго _d[1918] |
||
| 215 |
_a[2], 64 с., 7 л. ил. _cил., портр. _d27 см |
||
| 311 | _a"Из изд. "Искусство для всех" | ||
| 620 | _dСанкт-Петербург | ||
| 700 | 1 |
_8rus _7ca _aМаковский _bА. В. _cхудожник _f1869-1924 _gАлександр Владимирович _3RU\NLR\AUTH\7782473 _965401 |
|
| 801 | 0 |
_aRU _bNLR _c20070903 |
|
| 852 |
_aNLR _j17.132.3.29 |
||
| 852 |
_aNLR _j17.132.3.29а |
||
| 899 | _aРГБ | ||
| 899 | _aРКП | ||
| 899 |
_aНБ РС _z(Я) |
||
| 942 | _cBOOK | ||
| 980 | _aNB | ||
| 980 | _aA1SV | ||